[Event "leisure kings gambit training (for 10 players)"]
[Site "SchemingMind.com"]
[Date "2019.01.21"]
[Round "-"]
[White "willyboy"]
[Black "Phillip Beckett"]
[Result "1-0"]
[WhiteCountry "AUT"]
[BlackCountry "ENG"]
[WhiteElo "2190"]
[WhiteRD "69"]
[BlackElo "1537"]
[BlackRD "52"]
[GameID "437191"]

1. e4 e5 2. f4 Qh4+ 3. g3 Qe7 4. Nc3 exf4 5. Bg2 c6 6. d4 d5 7. Qe2 dxe4 8. Nxe4 fxg3 9. Nd6+ Kd8 10. Qxe7+ Kxe7
11. Bf4 Bg4 12. Nf3 Nd7 13. Bxg3 Bxf3 14. Bxf3 Ke6 15. Bg4+ f5 16. Bxf5+ Kd5 17. c4+ Kxd4 18. O-O-O+ Kc5 19. Bf2+ Kb4 20. Be1+ Kc5
21. Ba5 b6 22. b4#
1-0

[Event "leisure kings gambit training (for 10 players)"]
[Site "SchemingMind.com"]
[Date "2019.01.20"]
[Round "-"]
[White "anne"]
[Black "dvoretsky"]
[Result "0-1"]
[WhiteCountry "GER"]
[BlackCountry "ENG"]
[WhiteElo "2104"]
[WhiteRD "86"]
[BlackElo "2388"]
[BlackRD "84"]
[GameID "437348"]

1. e4 e5 2. f4 exf4 3. Nf3 g5 4. h3 Bg7 5. d4 h6 6. Nc3 d6 7. Bd2 Nc6 8. Bb5 Nf6 9. d5 a6 10. Ba4 b5
11. Nxb5 axb5 12. Bxb5 O-O 13. Bxc6 Ba6 14. Bxa8 Qxa8 15. Bc3 Re8 16. Bxf6 Rxe4+ 17. Kd2 Be2 18. Qxe2 Rxe2+ 19. Kxe2 Bxf6 20. c3 Qxd5
21. a4 h5 22. Rhd1 Qe4+ 23. Kd2 g4 24. a5 gxf3 25. gxf3 Qxf3 26. a6 Qg2+ 27. Kc1 Bh4 28. Rd2 Bf2 29. Kc2 Qe4+ 30. Kb3 Ba7
31. Rdd1 Qe6+
0-1

[Event "leisure kings gambit training (for 10 players)"]
[Site "SchemingMind.com"]
[Date "2019.01.20"]
[Round "-"]
[White "dvoretsky"]
[Black "anne"]
[Result "1-0"]
[WhiteCountry "ENG"]
[BlackCountry "GER"]
[WhiteElo "2380"]
[WhiteRD "83"]
[BlackElo "2097"]
[BlackRD "87"]
[GameID "437349"]

1. e4 e5 2. f4 exf4 3. Nf3 g5 4. h4 g4 5. Ne5 Qe7 6. d4 d6 7. Nxg4 Bxg4 8. Qxg4 Nc6 9. c3 Qxe4+ 10. Qe2 Qe6
11. Bxf4 Bh6 12. Bg5 Kd7 13. g3 Bxg5 14. hxg5 Qxe2+ 15. Bxe2 f5 16. Bc4 Nge7 17. Nd2 Na5 18. Bb5+ Nac6 19. Nf3 a6 20. Bc4 f4
21. g4 Rae8 22. Kf2 Ng6 23. Rh6 Re7 24. Rah1 Rg7 25. Nh4 Nxh4 26. R1xh4 Ne7 27. R4h5 Ng8 28. Bxg8 Rhxg8 29. Rxh7 Rxh7 30. Rxh7+ Kd8
31. Kf3 Rxg5 32. Kxf4 Rg8 33. g5 Rf8+ 34. Ke4
1-0

[Event "leisure kings gambit training (for 10 players)"]
[Site "SchemingMind.com"]
[Date "2019.01.19"]
[Round "-"]
[White "Phillip Beckett"]
[Black "dvoretsky"]
[Result "0-1"]
[WhiteCountry "ENG"]
[BlackCountry "ENG"]
[WhiteElo "1537"]
[WhiteRD "52"]
[BlackElo "2343"]
[BlackRD "81"]
[GameID "437350"]

1. e4 e5 2. f4 exf4 3. Nf3 g5 4. Bc4 g4 5. O-O gxf3 6. Bxf7+ Kxf7 7. Qxf3 Qf6 8. e5 Qf5 9. d4 Bh6 10. Qd5+ Kg7
11. Nc3 Ne7 12. Qf3 Rf8 13. Ne4 Nbc6 14. c3 Kh8 15. g3 Ng6 16. gxf4 Nh4 17. Qh1 Rg8+ 18. Kf2 Rg2+ 19. Qxg2 Nxg2 20. Kxg2 Qxe4+
0-1

[Event "leisure kings gambit training (for 10 players)"]
[Site "SchemingMind.com"]
[Date "2019.01.21"]
[Round "-"]
[White "krzysztof"]
[Black "dvoretsky"]
[Result "0-1"]
[WhiteCountry "POL"]
[BlackCountry "ENG"]
[WhiteElo "1592"]
[WhiteRD "67"]
[BlackElo "2364"]
[BlackRD "86"]
[GameID "437354"]

1. e4 e5 2. f4 exf4 3. Nf3 g5 4. h3 h6 5. Bc4 d6 6. d3 Bg7 7. Nc3 Nc6 8. Nd5 Na5 9. Bb3 c6 10. Nc3 Nf6
11. Bd2 Nxb3 12. axb3 Nh5 13. Ne2 Bxb2 14. Rb1 Bg7 15. c3 Qb6 16. d4 O-O 17. g4 fxg3 18. h4 Bg4 19. Neg1 f5 20. e5 dxe5
21. dxe5 Qf2#
0-1

[Event "leisure kings gambit training (for 10 players)"]
[Site "SchemingMind.com"]
[Date "2019.01.23"]
[Round "-"]
[White "dvoretsky"]
[Black "krzysztof"]
[Result "1-0"]
[WhiteCountry "ENG"]
[BlackCountry "POL"]
[WhiteElo "2343"]
[WhiteRD "81"]
[BlackElo "1521"]
[BlackRD "67"]
[GameID "437355"]

1. e4 e5 2. f4 exf4 3. Nf3 Bc5 4. d4 Bb6 5. Bxf4 d6 6. a4 a6 7. c3 Bg4 8. a5 Ba7 9. Bc4 f6 10. Qb3 Nc6
11. Bxg8 Bxf3 12. Qf7#
1-0

[Event "leisure kings gambit training (for 10 players)"]
[Site "SchemingMind.com"]
[Date "2019.01.24"]
[Round "-"]
[White "dvoretsky"]
[Black "flyinduck"]
[Result "1-0"]
[WhiteCountry "ENG"]
[BlackCountry "CAN"]
[WhiteElo "2388"]
[WhiteRD "84"]
[BlackElo "2049"]
[BlackRD "60"]
[GameID "437357"]

1. e4 e5 2. f4 exf4 3. Nf3 g5 4. h4 g4 5. Ne5 d6 6. Nxg4 Nf6 7. Nxf6+ Qxf6 8. Nc3 Be6 9. d4 c6 10. d5 cxd5
11. Bb5+ Nd7 12. exd5 Bf5 13. O-O O-O-O 14. Rxf4 Qe5 15. Qf1 Bg6 16. Bd2 Kb8 17. Re1 Qg7 18. Bxd7
1-0

[Event "leisure kings gambit training (for 10 players)"]
[Site "SchemingMind.com"]
[Date "2019.01.21"]
[Round "-"]
[White "jolasebabes"]
[Black "dvoretsky"]
[Result "0-1"]
[WhiteCountry "POR"]
[BlackCountry "ENG"]
[WhiteElo "2114"]
[WhiteRD "84"]
[BlackElo "2380"]
[BlackRD "83"]
[GameID "437360"]

1. e4 e5 2. f4 exf4 3. Nf3 g5 4. Nc3 Nc6 5. h3 Bg7 6. d4 d6 7. Bc4 h6 8. O-O Nf6 9. Nd5 Nxd5 10. exd5 Ne7
11. Re1 O-O 12. c3 Bf5 13. Bd3 Bxd3 14. Qxd3 Qd7 15. c4 Nf5 16. Bd2 Ng3 17. Kh2 Rae8
0-1

[Event "leisure kings gambit training (for 10 players)"]
[Site "SchemingMind.com"]
[Date "2019.01.21"]
[Round "-"]
[White "The Stonewall"]
[Black "anne"]
[Result "1-0"]
[WhiteCountry "ENG"]
[BlackCountry "GER"]
[WhiteElo "2324"]
[WhiteRD "78"]
[BlackElo "2021"]
[BlackRD "87"]
[GameID "437400"]

1. e4 e5 2. f4 exf4 3. Nf3 g5 4. Nc3 Bb4 5. Nd5 Be7 6. b3 Nf6 7. Bb2 h6 8. Qe2 d6 9. O-O-O O-O 10. Nxe7+ Qxe7
11. e5 Re8 12. h4 g4 13. Qc4 Nh5 14. exd6 cxd6 15. Qc3 f6 16. Bc4+ Kg7 17. Rhe1 Qd8 18. Rxe8 Qxe8 19. Re1 Qd8 20. Qd3 b5
21. Bd5 Nd7 22. Qf5 Nb6 23. Qxh5
1-0

[Event "leisure kings gambit training (for 10 players)"]
[Site "SchemingMind.com"]
[Date "2019.01.21"]
[Round "-"]
[White "The Stonewall"]
[Black "Phillip Beckett"]
[Result "1-0"]
[WhiteCountry "ENG"]
[BlackCountry "ENG"]
[WhiteElo "2312"]
[WhiteRD "83"]
[BlackElo "1518"]
[BlackRD "49"]
[GameID "437401"]

1. e4 e5 2. f4 Qh4+ 3. g3 Qe7 4. d3 exf4 5. Bxf4 d5 6. Nc3 c6 7. Qd2 Bg4 8. Bxb8 Rxb8 9. Qf4 Rd8 10. Qxg4 Nf6
11. Qf4 dxe4 12. O-O-O exd3 13. Bxd3 Qd6 14. Qe3+ Qe7 15. Qxa7 Qb4 16. Nf3 Be7 17. a3 Qd6 18. Ba6 Qc7 19. Rxd8+ Bxd8 20. Re1+ Kd7
21. Bxb7 Re8 22. Rd1+ Ke7 23. Qc5+ Ke6 24. Ng5#
1-0

[Event "leisure kings gambit training (for 10 players)"]
[Site "SchemingMind.com"]
[Date "2019.01.23"]
[Round "-"]
[White "Phillip Beckett"]
[Black "The Stonewall"]
[Result "0-1"]
[WhiteCountry "ENG"]
[BlackCountry "ENG"]
[WhiteElo "1518"]
[WhiteRD "49"]
[BlackElo "2312"]
[BlackRD "83"]
[GameID "437402"]

1. e4 e5 2. f4 Bc5 3. Nf3 d6 4. fxe5 dxe5 5. c3 Nc6 6. Bc4 Nf6 7. d3 O-O 8. Qe2 Bg4 9. h3 Nh5 10. Be3 Ng3
11. Qd2 Bxe3 12. Qxe3 Bxf3 13. Qxf3 Nxh1 14. g4 Qh4+ 15. Kf1 h5 16. g5 Qxg5 17. Qxh1 Qc1+ 18. Kg2 Qxb2+
0-1

[Event "leisure kings gambit training (for 10 players)"]
[Site "SchemingMind.com"]
[Date "2019.01.21"]
[Round "-"]
[White "The Stonewall"]
[Black "krzysztof"]
[Result "1-0"]
[WhiteCountry "ENG"]
[BlackCountry "POL"]
[WhiteElo "2324"]
[WhiteRD "78"]
[BlackElo "1521"]
[BlackRD "67"]
[GameID "437405"]

1. e4 e5 2. f4 exf4 3. Nf3 d6 4. d4 Bg4 5. Bxf4 g6 6. Bc4 h6 7. O-O f5 8. h3 Bxf3 9. Qxf3 Nf6 10. Nc3 Nc6
11. exf5 gxf5 12. Rae1+ Be7 13. Nd5 Nxd5 14. Qh5+ Kf8 15. Bxd5 Rh7 16. Bxh6+ Rxh6 17. Qf7#
1-0

[Event "leisure kings gambit training (for 10 players)"]
[Site "SchemingMind.com"]
[Date "2019.01.23"]
[Round "-"]
[White "krzysztof"]
[Black "The Stonewall"]
[Result "0-1"]
[WhiteCountry "POL"]
[BlackCountry "ENG"]
[WhiteElo "1574"]
[WhiteRD "62"]
[BlackElo "2336"]
[BlackRD "81"]
[GameID "437406"]

1. e4 e5 2. f4 c6 3. f5 Qh4+ 4. g3 Qxe4+ 5. Qe2 Qxh1 6. Nf3 d6 7. d3 Bxf5 8. Be3 Bg4 9. Nbd2 Nd7 10. Bg1 Qxg1
11. O-O-O Qb6 12. Bg2 O-O-O 13. h3 Bh5 14. g4 Bg6 15. Nc4 Qc7 16. Nfd2 d5 17. Na3 Bxa3 18. bxa3 Qd6 19. Nb1 Ngf6 20. c3 Rhe8
21. Qb2 Nc5 22. Bf1 e4 23. dxe4 Rxe4 24. Bd3 Nxd3+ 25. Rxd3 Rde8 26. c4 Rxc4+ 27. Rc3 Qf4+ 28. Qd2 Re1+ 29. Kb2 Rxb1#
0-1

[Event "leisure kings gambit training (for 10 players)"]
[Site "SchemingMind.com"]
[Date "2019.01.25"]
[Round "-"]
[White "The Stonewall"]
[Black "flyinduck"]
[Result "1-0"]
[WhiteCountry "ENG"]
[BlackCountry "CAN"]
[WhiteElo "2328"]
[WhiteRD "79"]
[BlackElo "2049"]
[BlackRD "60"]
[GameID "437407"]

1. e4 e5 2. f4 exf4 3. Nf3 g5 4. h4 g4 5. Ne5 d6 6. Nxg4 Nf6 7. Nxf6+ Qxf6 8. Nc3 Nc6 9. d3 Be6 10. Nd5 Bxd5
11. exd5 Qe5+ 12. Be2 Nd4 13. c3 Nxe2 14. Qxe2 Qxe2+ 15. Kxe2 Rg8 16. Rg1 Bh6 17. g4 f6 18. Kf3 Kf7 19. Bd2 Rae8 20. Rae1 Rxe1
21. Rxe1 Re8 22. Rxe8 Kxe8 23. Bxf4 Bf8 24. Ke4 Kf7 25. Kf5 Be7 26. Be3 a6 27. Bd4 Bd8 28. Be3 Be7 29. Bh6 Bd8 30. g5 Be7
31. h5 fxg5 32. Bxg5 Bf8 33. Bd8 c6 34. dxc6 bxc6 35. b4 Bg7 36. c4 Ke8 37. Bf6
1-0

[Event "leisure kings gambit training (for 10 players)"]
[Site "SchemingMind.com"]
[Date "2019.01.25"]
[Round "-"]
[White "flyinduck"]
[Black "The Stonewall"]
[Result "0-1"]
[WhiteCountry "CAN"]
[BlackCountry "ENG"]
[WhiteElo "2067"]
[WhiteRD "64"]
[BlackElo "2351"]
[BlackRD "78"]
[GameID "437408"]

1. e4 e5 2. f4 exf4 3. Nf3 Be7 4. Bc4 Nf6 5. e5 Nh5 6. d4 d5 7. exd6 Bxd6 8. O-O O-O 9. Nc3 Nc6 10. Ne4 Be7
11. c3 Bf5 12. Bd3 Bg6 13. b4 a6 14. Nf2 Bd6 15. Nh3 h6 16. Ne1 Qh4 17. Qc2 Bxd3 18. Qxd3 Rfe8 19. Bd2 g5 20. Nf3 Qg4
21. Nf2 Qd7 22. Ne4 Qf5 23. Rae1 b5 24. Nc5 Qxd3 25. Nxd3 Ng7 26. Nc5 Ne7 27. Ne5 Nd5 28. h4 Nf5 29. hxg5 Bxc5 30. bxc5 hxg5
31. Kf2 f6 32. Ng4 Ng3 33. Rxe8+ Rxe8 34. Re1 Ne4+
0-1

[Event "leisure kings gambit training (for 10 players)"]
[Site "SchemingMind.com"]
[Date "2019.01.22"]
[Round "-"]
[White "The Stonewall"]
[Black "jolasebabes"]
[Result "1-0"]
[WhiteCountry "ENG"]
[BlackCountry "POR"]
[WhiteElo "2328"]
[WhiteRD "79"]
[BlackElo "2156"]
[BlackRD "82"]
[GameID "437411"]

1. e4 e5 2. f4 Bc5 3. Nf3 d6 4. Nc3 Nf6 5. Bc4 Nc6 6. d3 Bg4 7. Na4 O-O 8. Nxc5 dxc5 9. O-O Qd6 10. Qd2 Bxf3
11. gxf3 exf4 12. Qxf4 Ne5 13. Bb3 b5 14. Be3 c4 15. dxc4 bxc4 16. Ba4 Qe7 17. Bd4 Ng6 18. Qf5 Qb4 19. Qb5 Rab8 20. Qxb4 Rxb4
21. Bc6 Rd8 22. Rfd1 h6 23. Bc3 Rbb8 24. Rxd8+ Rxd8 25. Bb5 Nh5 26. Bxc4 Nhf4 27. Kf2 c6 28. Kg3 Nh5+ 29. Kg2 Nhf4+ 30. Kf2 Kf8
31. b3 Rd7 32. a3 Ke7 33. Rh1 Ne6 34. Bxe6 fxe6 35. Rg1 Kf7 36. f4 e5 37. f5
1-0

[Event "leisure kings gambit training (for 10 players)"]
[Site "SchemingMind.com"]
[Date "2019.01.22"]
[Round "-"]
[White "jolasebabes"]
[Black "The Stonewall"]
[Result "0-1"]
[WhiteCountry "POR"]
[BlackCountry "ENG"]
[WhiteElo "2114"]
[WhiteRD "84"]
[BlackElo "2351"]
[BlackRD "78"]
[GameID "437412"]

1. e4 e5 2. f4 exf4 3. Nf3 Be7 4. Bc4 Nf6 5. e5 Ng4 6. O-O O-O 7. d4 d5 8. Bb3 c5 9. c3 Ne3 10. Bxe3 fxe3
11. Qe2 Be6 12. Qxe3 Qb6 13. Nbd2 Nc6 14. a3 Rac8 15. Rab1 Bf5 16. Rbc1 Rfd8 17. h3 Be6 18. Kh2 h6 19. g4 Rc7 20. Rb1 cxd4
21. cxd4 Rdc8 22. Qd3 a6 23. Bc2 g6 24. Ba4 Na5 25. Bd1 Kg7
0-1

[Event "leisure kings gambit training (for 10 players)"]
[Site "SchemingMind.com"]
[Date "2019.01.24"]
[Round "-"]
[White "The Stonewall"]
[Black "willyboy"]
[Result "1-0"]
[WhiteCountry "ENG"]
[BlackCountry "AUT"]
[WhiteElo "2343"]
[WhiteRD "79"]
[BlackElo "1924"]
[BlackRD "66"]
[GameID "437413"]

1. e4 e5 2. f4 exf4 3. Nf3 g5 4. Nc3 Nc6 5. g3 g4 6. Nh4 Nd4 7. Nd5 f3 8. c3 Ne6 9. h3 c6 10. Ne3 Qc7
11. Nhf5
1-0